| 000 | 00605nam a2200205 u 4500 | ||
|---|---|---|---|
| 005 | 20240514063718.0 | ||
| 008 | 080730s2005 es r 000 0 spa d | ||
| 020 | _a8495722119 | ||
| 035 | _aUPN01000158491 | ||
| 049 | _aI | ||
| 050 | 4 |
_aPZ78 _bA4.7 |
|
| 100 | 1 |
_aAlapont Ramon, Pasqual, _d1963- _930245 |
|
| 245 | 1 | 0 |
_aSara hace preguntas / _cPasqual Alapont. |
| 260 |
_aAlzira, Esp. : _bAlgar, _c2005. |
||
| 300 |
_a23 p. : _bil. |
||
| 440 | 0 |
_aMaleta mágica ; _v1 |
|
| 650 | 4 |
_aLiteratura infantil española _95892 |
|
| 650 | 4 |
_aHermanos y hermanas _vLiteratura infantil _98964 |
|
| 905 | _aInfantil | ||
| 999 |
_c130605 _d130605 |
||